Nennen Sie alle Fluggesellschaften der Welt 2023 - Statistiken

Allgemein
  • Dieses Quiz wurde 89 mal gespielt
  • Das Durchschnittsergebnis liegt bei 7 aus 110
Antwortstatistiken
Hint Antwort % Korrekt
Air France
45%
Ryanair
44%
Emirates
42%
American Airlines
39%
D Delta Air Lines
31%
Q Qatar Airways
31%
British Airways
27%
Eurowings
27%
Turkish Airlines
27%
E EasyJet
25%
Air Canada
20%
Austrian Airlines
20%
SAS
18%
Singapore Airlines
17%
United Airlines
15%
Aer Lingus
14%
Air Berlin
14%
F Finnair
10%
A Aegean Airlines
8%
Aeromexico
8%
Brussels Airlines
8%
China Airlines
8%
Egyptair
8%
Korean Air
8%
Qantas Airways
8%
Sunexpress
8%
Wizz Air
8%
AirBaltic
7%
Alitalia
7%
China Southern Airlines
7%
Etihad Airways
7%
Icelandair
7%
Kuwait Airways
7%
TUI Fly
7%
W WestJet
7%
Air Serbia
6%
Corendon Airlines
6%
​​Germanwings
6%
KLM Royal Dutch Airlines
6%
China Eastern Airlines
4%
Swiss International Air Lines
4%
Transavia
4%
Vueling
4%
Aeroflot Russian Airlines
3%
Air Astana
3%
Air Malta
3%
Bulgaria Air
3%
Condor Flugdienst
3%
Croatia Airlines
3%
Czech Airlines
3%
El Al Israel Airlines
3%
EVA Air
3%
L LOT Polish Airlines
3%
Lufthansa CityLine
3%
P Pegasus Airlines
3%
R Royal Air Maroc
3%
S S7
3%
SKY express
3%
T TAP Air Portugal
3%
Tarom
3%
Widerøe
3%
Air Moldova
1%
Belavia
1%
Blue Air
1%
C Cathay Pacific Airways
1%
Cyprus Airways
1%
Edelweis Air
1%
G Garuda Indonesia
1%
Iran Air
1%
Israir
1%
K Kenya Airways
1%
Lufthansa German Airlines
1%
Play
1%
Royal Jordanian Airlines
1%
Ural Airlines
1%
V Virgin Atlantic Airways
1%
X Xiamen Airlines
1%
Air Arabia Maroc
0%
Air China Cargo
0%
Air Europa
0%
Air Transat
0%
AIS Airlines
0%
Arkia Israel Airlines
0%
Atlantic Airways
0%
B Balkan Holiday Airlines
0%
Corendon Dutch Airlines
0%
EasyJet Switzerland
0%
Estonian Air
0%
Georgian Airways
0%
I Iberia Express
0%
Iberia Líneas Aéreas de España
0%
ITA Italia Trasporto Aereo
0%
J Jet2.com
0%
KLM Cityhopper
0%
M Malev
0%
Middle East Airlines
0%
N Norwegian Air International
0%
Norwegian Air Shuttle
0%
O Olympic Air
0%
Onur Air
0%
SATA Air Açores
0%
SATA Internacional
0%
Saudia Arabian Airlines
0%
Surinam Airways
0%
Transavia France
0%
Tunis Air
0%
U Ukraine Int. Airlines
0%
UR Airlines
0%
Utair
0%
WOW air
0%
Keine übereinstimmenden Quizze gefunden
Verteilung der Resultate
Anzahl Personen mit jedem Resultat
Perzentil nach korrekt beantworteten Fragen
Ihre Resultats-Entwicklung
Sie haben dieses Quiz noch nicht gespielt